| 000 | 00383nam a2200169Ia 4500 | ||
|---|---|---|---|
| 008 | 230512s9999 xx 000 0 und d | ||
| 041 | _aeng | ||
| 100 | _aAGARWAL D.K | ||
| 245 | _aSTART YOUR OWN EXPORT BUSINESS | ||
| 250 | _a3 | ||
| 260 | _bHIND POCKET BOOKS , DELHI | ||
| 300 | _a125 | ||
| 365 | _b76 | ||
| 500 | _aPaper Back | ||
| 520 | _aGeneral | ||
| 650 | _aManagement | ||
| 999 |
_c402752 _d402752 |
||